Clueless #3 - Statistics

General Stats
  • This quiz has been taken 2,192 times
    1,801 since last reset
  • The average score is 95 of 204
Answer Stats
Word % Correct
        A        
97%
        I        
97%
       an        
97%
        a        
97%
        I        
97%
       my        
97%
        a        
97%
        I        
97%
        a        
97%
        I        
97%
        a        
97%
        I        
97%
        a        
97%
        I        
97%
       the       
92%
       the       
92%
       the       
92%
       the       
92%
       the       
92%
       is        
87%
       are       
87%
      into      
83%
       we        
80%
       "We       
80%
       his       
77%
       to        
76%
       to        
76%
       be        
75%
       be        
75%
       be        
75%
       be        
75%
      "and      
73%
       and       
73%
       and       
73%
       And       
73%
       and       
73%
       and       
73%
       on        
72%
      boys      
69%
      their      
68%
      they      
68%
      girls      
68%
      Have      
67%
      have      
67%
      that      
67%
      have      
67%
       in        
67%
      that      
67%
      have      
67%
       in        
67%
      have      
67%
      that      
67%
     having      
67%
      have      
67%
       in        
67%
      that      
67%
       one       
64%
      four      
64%
       one       
64%
       one       
64%
       men       
64%
       one       
64%
     -- one      
64%
       of        
62%
      shall      
62%
      will      
62%
       of        
62%
      will      
62%
       of        
62%
       of        
62%
      will      
62%
       of        
62%
      will      
62%
       so        
61%
      Dream      
59%
      dream      
59%
       day       
59%
       it        
59%
      dream      
59%
       day       
59%
     dream.      
59%
      dream      
59%
       It        
59%
      today      
59%
     today!      
59%
      dream      
59%
       day       
59%
     today!      
59%
      day,      
59%
      dream      
59%
       day       
59%
       its       
59%
      sons      
57%
      where      
56%
       not       
55%
       by        
53%
       by        
53%
       all       
51%
       all       
51%
      these      
49%
      this      
49%
      King      
48%
       but       
48%
     Luther      
47%
     Martin      
47%
    children    
47%
      black      
47%
      live      
46%
      live      
46%
      there      
46%
      white      
44%
       see       
40%
    American    
40%
     nation      
39%
     nation      
39%
      with      
38%
      color      
38%
      with      
38%
      skin      
37%
       as        
37%
       at        
36%
       up        
36%
     equal."     
35%
     judged      
33%
      Lord      
32%
     freedom     
31%
     little      
31%
     little      
31%
      From      
29%
   together."    
29%
      down      
29%
    together    
29%
      down      
29%
     created     
28%
      every      
27%
   character.    
27%
       out       
27%
    Alabama,    
26%
     Alabama     
26%
      hold      
26%
      right      
26%
      made      
25%
  Mississippi,  
24%
     content     
24%
    Georgia,    
24%
      able      
24%
      able      
24%
     truths      
23%
       sit       
21%
      slave      
21%
     slaves      
21%
  self-evident,  
21%
  brotherhood.  
20%
    brothers.    
20%
      hands      
20%
      rise      
20%
     though      
19%
    tomorrow,    
19%
      words      
19%
      even      
18%
      state      
18%
     places      
18%
      even      
18%
     sisters     
18%
      still      
17%
       red       
17%
      true      
17%
     owners      
16%
    racists,    
16%
      hill      
15%
      hills      
15%
   injustice,    
14%
    justice.    
14%
     former      
14%
     meaning     
14%
      join      
14%
      table      
13%
    mountain    
12%
      low,      
11%
     valley      
11%
      face      
11%
    governor    
11%
     deeply      
10%
     rooted      
10%
     creed:      
10%
      glory      
9%
     plain,      
9%
      heat      
8%
    exalted,    
7%
     crooked     
7%
      oasis      
7%
      rough      
7%
    straight;    
7%
   oppression,   
7%
   sweltering    
7%
   transformed   
7%
  difficulties  
7%
    dripping    
7%
      lips      
7%
     vicious     
7%
      flesh      
6%
    revealed    
6%
 "interposition" 
6%
 "nullification" 
6%
No matching quizzes found
Score Distribution
Percent of People with Each Score
Percentile by Number Answered
Your Score History
You have not taken this quiz since the last reset